000 00297nam a22001337a 4500
008 171123b xxu||||| |||| 00| 0 eng d
020 _a9780070504943
041 _aeng
080 _28 ED
_a33
100 _a59
101 _aBUS
245 _aBUSINESS AND SOCIETY
_cPOST.J.E
942 _2udc
_cBK
999 _c38317
_d38317